Civil society in Poland and Hungary.

Sleduje sa mechanizmus vzniku občianskej spoločnosti v Poľsku a Maďarsku na pozadí spoločensko-politických zmien od rokov päťdesiatych. Občianska spoločnosť je definovaná ako samoorganizovaná štruktúra ležiaca mimo inštitucionálnej infraštruktúry štátu. Vznik občianskej spoločnosti zhora (prípad Maď...

Ausführliche Beschreibung

Gespeichert in:
Bibliographische Detailangaben
1. Verfasser: Frentzel-Zagorska, J.
Format: Buchkapitel
Sprache:Englisch
Schlagworte:
Tags: Tag hinzufügen
Keine Tags, Fügen Sie das erste Tag hinzu!

MARC

LEADER 00000naa a2200000 4500
001 r001059
005 20220909074023.5
041 0 |a eng 
044 |a GB 
245 1 0 |a Civil society in Poland and Hungary.  |c J. Frentzel-Zagorska 
520 |a Sleduje sa mechanizmus vzniku občianskej spoločnosti v Poľsku a Maďarsku na pozadí spoločensko-politických zmien od rokov päťdesiatych. Občianska spoločnosť je definovaná ako samoorganizovaná štruktúra ležiaca mimo inštitucionálnej infraštruktúry štátu. Vznik občianskej spoločnosti zhora (prípad Maďarska) a zdola (prípad Poľska). 
610 2 0 |a spoločnosť 
610 2 0 |a MR 
610 2 0 |a PR 
610 2 0 |a rozvoj sociálny 
610 2 0 |a politika 
610 2 0 |a štát 
610 2 0 |a vývoj spoločenský 
100 1 |a Frentzel-Zagorska, J.